ARRUPE JESUIT UNIVERSITY

CORONAVIRUS -STOP THE SPREAD - CLEAN,DISINFECT,COVER

The Fabric of the heavens: (Record no. 122382)

MARC details
000 -LEADER
fixed length control field 00515nam a22001577a 4500
008 - FIXED-LENGTH DATA ELEMENTS--GENERAL INFORMATION
fixed length control field 150310b xxu||||| |||| 00| 0 eng d
050 ## - LIBRARY OF CONGRESS CALL NUMBER
Classification number QB981.T8
100 ## - MAIN ENTRY--PERSONAL NAME
Personal name Toulmin, Stephen
9 (RLIN) 9310
245 ## - TITLE STATEMENT
Title The Fabric of the heavens:
Remainder of title the development of astronomy and dynamics
Statement of responsibility, etc /by Stephen Toulmin and June Goodfield
260 ## - PUBLICATION, DISTRIBUTION, ETC. (IMPRINT)
Place of publication, distribution, etc New York
Name of publisher, distributor, etc Harper and row
Date of publication, distribution, etc 1961
300 ## - PHYSICAL DESCRIPTION
Extent 285p. ;
Dimensions 21cm.
650 ## - SUBJECT ADDED ENTRY--TOPICAL TERM
Topical term or geographic name as entry element Cosmology
9 (RLIN) 16136
650 ## - SUBJECT ADDED ENTRY--TOPICAL TERM
Topical term or geographic name as entry element Astronomy
9 (RLIN) 6632
700 ## - ADDED ENTRY--PERSONAL NAME
Personal name Goodfield, June
9 (RLIN) 16889
942 ## - ADDED ENTRY ELEMENTS (KOHA)
Source of classification or shelving scheme Library of Congress Classification
Item type Monograph ( Printed materials)
Holdings
Withdrawn status Lost status Source of classification or shelving scheme Damaged status Not for loan Collection code Home library Current library Shelving location Date acquired Total Checkouts Full call number Barcode Date last seen Price effective from Koha item type
    Library of Congress Classification     Main Collection ARRUPE LIBRARY ARRUPE LIBRARY Main Collection 10/03/2015   QB981.T8 46500002770 02/07/2019 10/03/2015 Monograph ( Printed materials)

 

Arrupe Library. PO Box MP320 Mt Pleasant, Harare, Zimbabwe
263 242 745411|librarian@aju.ac.zw